50 Flicks to Click (1992) Quiz Stats

 Plays Quiz Updated May 14, 2018

Challenge
Share
Tweet
Embed
Score 0/50 Timer 07:00
4 Plays Today
% Correct
Slayer
92.7%
Men
92.1%
Mice
91.1%
Jump
91%
Mohicans
90.5%
Instinct
90.5%
Vinny
90%
League
89.9%
Cradle
89.8%
River
89.5%
Poison
89.2%
Batman
89.1%
Woman
88.6%
Lost
88.6%
Dogs
87.7%
Wayne's
87.2%
Kid
87.1%
Ducks
86.8%
Malcolm
86.8%
Sister
86.5%
Death
84.7%
Far
84.4%
Potion
83.7%
Female
83.6%
Act
83.3%
% Correct
Game
82.9%
Mom
80.4%
Dog
78.3%
Muppet
77.9%
Forever
76.8%
Cutting
76.6%
Patriot
75%
Ross
72.6%
Siege
72%
Soldier
70.6%
Stomper
70.2%
Darkness
68.2%
Passenger
67.9%
End
67.8%
Honeymoon
66.1%
Boiled
63.8%
Roberts
63.3%
Chocolate
59%
Conquest
58.8%
Ballroom
56.2%
Ron
50.8%
Lieutenant
43.7%
Fire
41.8%
Alive
39.3%
Moon
30.4%

You're not logged in!

Compare scores with friends on all Sporcle quizzes.
Join for Free
OR
Log In

You Might Also Like...

Show Comments

Extras

Top Quizzes Today


Score Distribution

Your Account Isn't Verified!

In order to create a playlist on Sporcle, you need to verify the email address you used during registration. Go to your Sporcle Settings to finish the process.

Report this User

Report this user for behavior that violates our Community Guidelines.

Details: